000 00760nam a2200229Ia 4500
003 IN-BaIIA
008 211028s9999 xx 000 0 eng d
020 _a0-521-37018-3
040 _cIIA Library
080 _a082.2:52
_bIAU-C115
245 0 _aHigh resolution x-ray spectroscopy of cosmic plasmas
_cedited by P. Gorenstein and M. Zombeck
260 _aCambridge
_bCambridge University Press
_c1990
300 _axiii, 392p.
490 _aIAU Colloquium; no.115
650 _aAstronomy and Astrophysics Thesaurus
650 _aCosmic plasmas
_96289
650 _aspectroscopy
_91535
650 _aX-ray
_914967
700 _aGorenstein, P., ed.
_916925
700 _aZombeck, M., ed.
_916926
942 _cBK
999 _c9971
_d9971